00525nam a22001337a 4500003000200000005001700002008004100019050002400060245014200084260007400226300002500300500002500325504004100350020230626090952.0230626b xxu||||| |||| 00| 0 eng d aD 2025.5b.V59 2022 aPhilippine traditional weapon prototypes, a production crafting numerous weapon designs for different genrescVizcarra, Nathaniel Cunanan aLas Piñas CitybSouthville International School and Collegescc2022 aviii, 81pp. c28cm.  aTraditional weapon.  aIncludes bibliographical references.